Riconosci il Calciatore - Quiz n°1 - Statistics

Statistiche generali
  • Questo quiz è stato fatto 232 volte
    229 dall'ultimo reset
  • Il punteggio medio è 13 su 18
Statistiche sulle risposte
Indizio Risposta % Corretto
Ruolo Portiere
95%
Data di nascita 18/04/1990
84%
Nazionalità Polonia
83%
Squadra di club 5 Juventus 2017 -
75%
Trofei per club Coppa d'Inghilterra: 2 Arsenal: 2013-2014, 2014-2015 Community Shield: 1 Arsenal: 2014 Campionato italiano: 3 Juventus: 2017-2018, 2018-2019, 2019-2020 Coppa Italia: 2 Juventus: 2017-2018, 2020-2021 Supercoppa italiana: 2 Juventus: 2018, 2020
73%
Squadra di club 4 Roma 2015 - 2017
73%
Gol nei club 0
72%
Squadra di club 1 Arsenal 2009 - 2010
72%
Squadra di club 3 Arsenal 2010- 2015
72%
Gol in nazionale 0
71%
Altezza 196 cm
71%
Presenze nei club 524
71%
Presenze in nazionale 79
71%
Peso 84 kg
71%
Squadra di club 2 Brentford 2009 - 2010
71%
Calciatore Wojciech Szczęsny
71%
Trofei per nazionali 0
70%
Trofei individuali Miglior portiere del Campionato inglese: 1 2013-2014 Miglior portiere del Campionato italiano: 1 2019-2020
70%
Nessun quiz corrispondente trovato
Distribuzione punteggi
Percentuale di utenti per punteggio
Percentile per numero di risposta
I tuoi punteggi nel tempo
Non hai fatto questo quiz dall'ultimo reset